The sculpture of Barbara Hepworth, 1960-69 /

Bibliographic Details
Main Author: Hepworth, Barbara, 1903-1975
Other Authors: Bowness, Alan
Format: Book
Language:English
Published: New York : Praeger Publishers, 1971.

MARC

Tag First Indicator Second Indicator Subfields
LEADER 00000cam a2200000 4500
001 in00000557021
005 20151014054245.0
008 710427s1971 nyua bc 00110 eng
010 |a  79150452  
035 |a (OCoLC)00136123 
035 |9 ACK5094AM 
040 |a DLC  |c DLC  |d OCL  |d m.c.  |d TXA  |d UtOrBLW 
049 |a TXAM  |c [A08973042] 
050 0 0 |a NB497.H4  |b B6 
082 0 |a 730/.924 
100 1 |a Hepworth, Barbara,  |d 1903-1975. 
245 1 4 |a The sculpture of Barbara Hepworth, 1960-69 /  |c edited by Alan Bowness. 
264 1 |a New York :  |b Praeger Publishers,  |c 1971. 
300 |a 222 pages :  |b illustrations (some color) ;  |c 31 cm. 
336 |a text  |b txt  |2 rdacontent 
337 |a unmediated  |b n  |2 rdamedia 
338 |a volume  |b nc  |2 rdacarrier 
504 |a Bibliography: pages 25-28. 
700 1 |a Bowness, Alan. 
999 |a MARS 
999 f f |s 3fc8d1db-f4d3-3957-991d-f72ab1da186b  |i 3a5b89b3-4734-3d24-8d2b-c503f6914b7e  |t 0 
952 f f |p normal  |a Texas A&M University  |b College Station  |c Sterling C. Evans Library  |d Evans: Library Stacks  |t 0  |e NB497.H4 B6  |h Library of Congress classification  |i unmediated -- volume  |m A14808973042 
998 f f |a NB497.H4 B6  |t 0  |l Evans: Library Stacks